000 00989nam a22002537a 4500
008 240605b mp ||||| |||| 00| 0 mon d
020 _a978-99973-1-143-6
035 _a25520
040 _aHE0623081
_bmon
_cMN-UlNLM
_dMN-UlNLM
_erda
041 _amon
042 _a59361
084 _2NNA
_a84(0)-44
_bС.94
100 _aСент-Экзюпери Д. А.
245 0 _aБяцхан хунтайж
264 _aУБ.
_bМонсудар хэвлэлийн газар
_c2021
300 _a128х.
336 _2rdacontent
_atext
_btxt
337 _2rdamedia
_aunmediated
_bn
338 _2rdacarrier
_avolume
_bnc
490 _aГайхамшигийн эрэлд
650 _aУг зохиолд нэгэн одой гарагийн оршин суугч бяцхан хунтайжийн гайхам аяллын түүхийг өгүүлэх ба эцэст нь дэлхийд ирдэг. "Бяцхан ху...
942 _2NNA
_cBK
999 _c895206
_d895263